Japan, moving toward a more advanced knowledge economy: Advanced knowledge-creating companies.--Vol. 2 (Record no. 48429)
[ view plain ]
| 000 -LEADER | |
|---|---|
| fixed length control field | 01011nam a2200265 a 4500 |
| 001 - CONTROL NUMBER | |
| control field | 14455018 |
| 008 - FIXED-LENGTH DATA ELEMENTS--GENERAL INFORMATION | |
| fixed length control field | 150901s2006 ||||||||||||||||| || u |
| 010 ## - LIBRARY OF CONGRESS CONTROL NUMBER | |
| LC control number | 2006050462 |
| 020 ## - INTERNATIONAL STANDARD BOOK NUMBER | |
| International Standard Book Number | 0821366726 |
| 020 ## - INTERNATIONAL STANDARD BOOK NUMBER | |
| International Standard Book Number | 9780821366745 |
| 020 ## - INTERNATIONAL STANDARD BOOK NUMBER | |
| International Standard Book Number | 0821366742 (v. 2) |
| 020 ## - INTERNATIONAL STANDARD BOOK NUMBER | |
| International Standard Book Number | 9780821366721 |
| 050 ## - LIBRARY OF CONGRESS CALL NUMBER | |
| Classification number | IBRD(06)DS/2006/3 |
| 100 ## - MAIN ENTRY--PERSONAL NAME | |
| Personal name | Takeuchi, Hirotaka |
| 245 10 - TITLE STATEMENT | |
| Title | Japan, moving toward a more advanced knowledge economy: Advanced knowledge-creating companies.--Vol. 2 |
| Statement of responsibility, etc. | Edited by Hirotaka Takeuchi and Tsutomu Shibata |
| 260 ## - PUBLICATION, DISTRIBUTION, ETC. | |
| Place of publication, distribution, etc. | Washington, D.C. |
| Name of publisher, distributor, etc. | World Bank |
| Date of publication, distribution, etc. | 2006 |
| 300 ## - PHYSICAL DESCRIPTION | |
| Extent | vii, 92p.: ill. |
| 490 ## - SERIES STATEMENT | |
| Series statement | WBI development studies |
| 500 ## - GENERAL NOTE | |
| General note | Includes bibliographical references. |
| 650 #0 - SUBJECT ADDED ENTRY--TOPICAL TERM | |
| Topical term or geographic name entry element | JAPAN--ECONOMIC POLICY--1989- |
| 650 #0 - SUBJECT ADDED ENTRY--TOPICAL TERM | |
| Topical term or geographic name entry element | KNOWLEDGE ECONOMY--JAPAN |
| 650 #0 - SUBJECT ADDED ENTRY--TOPICAL TERM | |
| Topical term or geographic name entry element | JAPAN--ECONOMIC CONDITIONS--1989- |
| 700 ## - ADDED ENTRY--PERSONAL NAME | |
| Personal name | Shibata, Tsutomu |
| 995 ## - RECOMMENDATION 995 [LOCAL, UNIMARC FRANCE] | |
| -- | CBU-MAIN LIBRARY (Kitwe) |
| -- | 1 |
| -- | AVAILABLE |
| -- | Sep 1, 2015 |
| -- | International Publications |
| Withdrawn status | Lost status | Source of classification or shelving scheme | Damaged status | Not for loan | Home library | Current library | Shelving location | Date acquired | Total Checkouts | Full call number | Barcode | Date last seen | Price effective from | Koha item type |
|---|---|---|---|---|---|---|---|---|---|---|---|---|---|---|
| CBU-MAIN LIBRARY, KITWE. | CBU-MAIN LIBRARY, KITWE. | 11/30/2022 | IBRD(06)DS/2006/3 | 52774 | 11/30/2022 | 11/30/2022 | MONOGRAPH |